000
00306nam a2200145Ia 4500
100
_a
ECA
942
_c
BK
654
_a
ELECTRONICS
245
_a
The Japanese Transistor Data manual
260
_b
BPB Pub
_a
New Delhi
_c
1992
082
_a
621.3815281
300
_a
412
546
_a
ENGLISH
999
_c
23996
_d
23996